Resúmenes de referencias documentales del proyecto de investigación

Uloženo v:
Podrobná bibliografie
Hlavní autor: García Paniagua, Enrique
Médium: Text
Vydáno: Heredia: Universidad Nacional
Tagy: Přidat tag
Žádné tagy, Buďte první, kdo vytvoří štítek k tomuto záznamu!

MARC

LEADER 00000 a a2200000 04500
001 21218
003
040
090 |a 092500  
100 |a García Paniagua, Enrique  
245 |a Resúmenes de referencias documentales del proyecto de investigación  
260 |a Heredia:   |b Universidad Nacional  
300 |a 19 p  
999 |c 14794  |d 14794